Loading...
Fine Arts - Classical Music | 0 | 5 | 1 | 1 | 45 | 72 | 118.20 | 1 | 4 |
Science - Chemistry | 0 | 3 | 1 | 0 | 25 | 115 | 120.00 | 0 | 3 |
Science - Biology | 0 | 3 | 2 | 1 | 20 | 97 | 110.33 | 0 | 1 |
History - American History | 0 | 2 | 0 | 0 | 20 | 89 | 105.00 | 1 | 1 |
Literature - European Literature | 0 | 2 | 1 | 0 | 15 | 129 | 134.00 | 0 | 0 |
Social Science | 0 | 1 | 0 | 1 | 10 | 120 | 120.00 | 0 | 1 |
Fine Arts - Painting and Sculpture | 0 | 2 | 2 | 2 | 10 | 131 | 132.00 | 0 | 0 |
History - Other History | 0 | 1 | 0 | 0 | 10 | 132 | 132.00 | 0 | 0 |
Science - Other Science | 0 | 1 | 0 | 0 | 10 | 143 | 143.00 | 0 | 0 |
Religion | 0 | 1 | 1 | 1 | 5 | 140 | 140.00 | 0 | 0 |
Science - Physics | 0 | 1 | 1 | 0 | 5 | 112 | 112.00 | 0 | 0 |
Literature - World Literature | 0 | 0 | 0 | 0 | 0 | 0.00 | 0 | 0 | |
Current Events | 0 | 0 | 1 | 0 | -5 | 0.00 | 0 | 0 | |
Literature - British Literature | 0 | 0 | 1 | 0 | -5 | 0.00 | 0 | 0 | |
Mythology | 0 | 0 | 1 | 0 | -5 | 0.00 | 0 | 0 | |
Literature - American Literature | 0 | 0 | 1 | 0 | -5 | 0.00 | 0 | 0 | |
History - World History | 0 | 0 | 2 | 0 | -10 | 0.00 | 0 | 0 |